[Event "UTD GM"]
[Site "Dallas USA"]
[Date "2004.12.12"]
[Round "6"]
[White "Schneider,Dm"]
[Black "Moiseenko,A"]
[Result "0-1"]
[WhiteElo "2453"]
[BlackElo "2653"]

1.e4 c5 2.Nf3 Nc6 3.Bb5 e6 4.O-O Nge7 5.c3 a6 6.Ba4 c4 7.d4 cxd3 8.Qxd3 b5
9.Bc2 Ng6 10.a4 b4 11.c4 Be7 12.b3 d6 13.Be3 O-O 14.Nbd2 Bb7 15.Rad1 Qc7
16.Bb1 Rad8 17.Rfe1 Bf6 18.Nf1 Bc3 19.Bd2 Nge5 20.Qe2 Nxf3+ 21.Qxf3 Nd4 22.Qd3 Bxd2
23.Rxd2 e5 24.Ne3 g6 25.Nc2 Nc6 26.Qh3 a5 27.Ne3 Nd4 28.Rb2 Kh8 29.Nc2 Ne6
30.Ne3 Qe7 31.f3 Rg8 32.Ng4 Nd4 33.Ne3 Rdf8 34.Nc2 Ne6 35.Ne3 f5 36.exf5 Ng5
37.Qh6 gxf5 38.Kf2 Rf6 39.Qh5 Qf8 40.h4 Ne6 41.Ng4 Nf4 42.Nxf6 Qxf6  0-1

[Event "III Pereyra Mem"]
[Site "Mendoza ARG"]
[Date "2004.12.12"]
[Round "4"]
[White "Ricardi,P"]
[Black "Crosa,M"]
[Result "1/2-1/2"]
[WhiteElo "2548"]
[BlackElo "2400"]

1.e4 c5 2.Nf3 Nc6 3.Bb5 g6 4.O-O Bg7 5.Re1 Nf6 6.e5 Nd5 7.Nc3 Nc7 8.Bc4 b6
9.d3 Bb7 10.Ng5 O-O 11.Qf3 Ne6 12.Qh3 Nxg5 13.Bxg5 Nxe5 14.Nd5 Bxd5 15.Bxd5 Rc8
16.Re4 Re8 17.Rae1 Qc7 18.f4 Nc6 19.Bxe7 Nxe7 20.Rxe7 Rxe7 21.Rxe7 Qxf4 22.Qf3 Qc1+
23.Kf2 Bd4+ 24.Ke2  1/2-1/2

[Event "ch-Marshall CC"]
[Site "New York USA"]
[Date "2004.12.12"]
[Round "2"]
[White "Shevelev,D"]
[Black "Sena,J"]
[Result "1-0"]
[WhiteElo "2299"]
[BlackElo "2200"]

1.e4 c5 2.Nf3 Nc6 3.Bb5 Na5 4.d4 a6 5.Be2 cxd4 6.Nxd4 d6 7.c4 Nf6 8.Nc3 e6
9.O-O Be7 10.b3 Qc7 11.Bb2 b6 12.Rc1 Bb7 13.b4 Nxc4 14.Bxc4 Qxc4 15.Nd5 Bxd5
16.Rxc4 Bxc4 17.Re1 O-O 18.Nc6 Bd8 19.Qxd6 Ne8 20.Qd4 Bf6 21.e5  1-0

[Event "Master Open"]
[Site "Singapore SIN"]
[Date "2004.12.12"]
[Round "3"]
[White "Satyapragyan,S"]
[Black "Wang Rui"]
[Result "1/2-1/2"]
[WhiteElo "2370"]
[BlackElo "2484"]

1.e4 c5 2.Nf3 Nc6 3.Bb5 d6 4.O-O Bd7 5.c3 Nf6 6.Re1 a6 7.Ba4 b5 8.Bc2 e5
9.h3 g6 10.d4 cxd4 11.cxd4 Bg7 12.Nc3 O-O 13.a3 exd4 14.Nxd4 Nxd4 15.Qxd4 Nxe4
16.Qxe4 Re8 17.Bf4 Rxe4 18.Bxe4 Rc8 19.Rad1 Be5 20.Bxe5 dxe5 21.Bb7 Rc7 22.Bxa6 Qa8
23.Bxb5 Bxb5 24.Nxb5 Rc2 25.Rxe5 Qb8 26.Nd6 Qxb2 27.Rb5 Qa2 28.Rb8+ Kg7 29.Ne8+ Kh6
30.Nf6 Rb2 31.Rxb2 Qxb2 32.Ng4+ Kg7 33.Ne3 Qxa3 34.g3 Qa4 35.Rc1 Qe4 36.h4 Qf3
37.Rc4 h6 38.Rf4 Qe2 39.Kg2 Qb5 40.Kg1 Kf8 41.Kg2 Kg7 42.Kg1 Qb1+ 43.Kg2 Qe1
44.Rf3 Qd2 45.Rf4 h5 46.Kg1 Qa2 47.Kg2 f6 48.Kg1 g5 49.Rc4 Qb1+ 50.Kg2 Qb7+
51.Kg1 Kg6 52.Kh2 Qf3 53.Kg1 Kf7 54.Rb4 Qe2 55.Rc4 Qe1+ 56.Kg2 Qa5 57.Kf1 Ke8
58.Re4+ Kd7 59.Rc4 Qa1+ 60.Kg2 Qe5  1/2-1/2

[Event "It Chiburdanidze"]
[Site "Tblisi GEO"]
[Date "2004.12.13"]
[Round "11"]
[White "Melia,S"]
[Black "Tsereteli,T"]
[Result "1/2-1/2"]
[WhiteElo "2326"]
[BlackElo "2292"]

1.e4 c5 2.Nf3 Nc6 3.Bb5 g6 4.Bxc6 dxc6 5.d3 Bg7 6.O-O Bg4 7.h3 Bxf3 8.Qxf3 Nf6
9.Qe2 O-O 10.Nd2 Nd7 11.f4 Qc7 12.Nf3 Rad8 13.c3 e6 14.Be3 b6 15.Rad1 Nf6
16.Qf2 Ne8 17.c4 Nd6 18.a3 f5 19.e5 Nb7 20.b4 cxb4 21.axb4 c5 22.b5 Rd7 23.Qc2 Rc8
24.Ra1 Nd8 25.Ra4 Bf8 26.Rfa1 Qb8 27.Qe2 Rcc7 28.Kf2  1/2-1/2

[Event "III Pereyra Mem"]
[Site "Mendoza ARG"]
[Date "2004.12.14"]
[Round "6"]
[White "Ricardi,P"]
[Black "Sanes,V"]
[Result "1-0"]
[WhiteElo "2548"]
[BlackElo "2253"]

1.e4 c5 2.Nf3 Nc6 3.Bb5 Nf6 4.Nc3 g6 5.h3 a6 6.Bxc6 dxc6 7.O-O Bg7 8.d3 Qc7
9.Be3 b6 10.Qd2 e5 11.Nh2 Nh5 12.a3 a5 13.Na4 Rb8 14.b4 axb4 15.axb4 cxb4
16.Qxb4 c5 17.Qb2 O-O 18.Rfb1 Be6 19.Nxb6 Nf4 20.Ra5 c4 21.dxc4 Ne2+ 22.Kh1 Nd4
23.c3 Bxc4 24.cxd4 exd4 25.Bxd4 Bxd4 26.Qxd4 Rfd8 27.Qc5 Qf4 28.Qxc4 Rxb6
29.Rf1 h5 30.Nf3  1-0

[Event "XVII Torre Mem"]
[Site "Yucatan MEX"]
[Date "2004.12.14"]
[Round "2"]
[White "Dominguez Aguilar,G"]
[Black "Hernandez,Gi"]
[Result "0-1"]
[WhiteElo "2339"]
[BlackElo "2509"]

1.e4 c5 2.Nf3 Nc6 3.Bb5 e6 4.O-O Nge7 5.c3 a6 6.Bxc6 Nxc6 7.d4 cxd4 8.cxd4 d5
9.e5 Be7 10.Be3 O-O 11.Nc3 Bd7 12.Nd2 f6 13.exf6 Bxf6 14.Nb3 b6 15.Qe2 Qe7
16.a3 a5 17.Qd3 Bc8 18.Rfe1 Ba6 19.Qd1 Qd6 20.Qg4 Rae8 21.Rac1 Qd7 22.Ne2 Bd3
23.Rc3 Bf5 24.Qg3 a4 25.Rec1 Ne7 26.Nd2 Qb5 27.Nf4 Qxb2 28.Nh5 Bg6 29.Nxf6+ gxf6
30.Bf4 Nf5 31.Qd3 Nd6 32.Qf3 Nb5 33.R3c2 Qxa3 34.Qxa3 Nxa3 35.Ra2 Nb5 36.Rxa4 Rc8
37.Re1 Rc6 38.Bh6 Rfc8 39.g4 Rc1 40.Rxc1 Rxc1+ 41.Kg2 Kf7 42.Be3 Bd3 43.g5 Rc8
44.gxf6 Rg8+ 45.Kf3 Be2+ 46.Kf4 Kxf6 47.f3 Rg2 48.h4 Nd6 49.Ra7 Bd3 50.h5 Nf5
51.Rxh7 Rh2  0-1

[Event "Revolution Mem"]
[Site "Bucharest ROM"]
[Date "2004.12.15"]
[Round "1"]
[White "Bulmaga,I"]
[Black "Raceanu,V"]
[Result "0-1"]
[WhiteElo "2028"]
[BlackElo "2370"]

1.e4 c5 2.Nf3 Nc6 3.Bb5 d6 4.d4 cxd4 5.Qxd4 Bd7 6.Bxc6 Bxc6 7.Nc3 e6 8.Bg5 Nf6
9.O-O-O Be7 10.Qd3 O-O 11.Nd4 Qa5 12.h4 Rfc8 13.Kb1 a6 14.Bxf6 Bxf6 15.f4 b5
16.g4 Bxd4 17.Qxd4 b4 18.Ne2 d5 19.Ng3 dxe4 20.Nxe4 Bd5 21.b3 Qc7 22.Qd3 Qxf4
23.Ng5 Bxh1 24.Qxh7+ Kf8 25.Rd7 Ke8 26.Rxf7 Qxf7 27.Nxf7 Kxf7 28.h5 Bd5 29.h6 Rg8
30.g5 Rac8 31.hxg7 Rxg7 32.Qh6 Kg8 33.Qh4 a5 34.Qf4 Rf8 35.Qe5 Rc8 36.Qf4 Rf7
37.Qh4 Rh7 38.Qf4 Rf8 39.Qe5 Rf1+ 40.Kb2 Rhh1 41.Qb8+ Kg7 42.Qc7+ Kg6  0-1

[Event "Open"]
[Site "Zadar CRO"]
[Date "2004.12.15"]
[Round "4"]
[White "Saric,Ib"]
[Black "Brulic,D"]
[Result "1-0"]
[WhiteElo "2441"]
[BlackElo "2241"]

1.e4 c5 2.Nf3 Nc6 3.Bb5 Qc7 4.O-O e6 5.Re1 Nge7 6.c3 a6 7.Bxc6 bxc6 8.d4 Ng6
9.h4 h5 10.b3 cxd4 11.cxd4 Bb4 12.Bd2 Be7 13.g3 c5 14.Na3 cxd4 15.Nc4 Qa7
16.Ba5 Rb8 17.Nxd4 Bc5 18.Nc6 Bxf2+ 19.Kg2 Qc5 20.Nd6+ Kf8 21.Rc1  1-0

[Event "XVII Torre Mem KO"]
[Site "Yucatan MEX"]
[Date "2004.12.17"]
[Round "1.1"]
[White "Hernandez,Gi"]
[Black "Tiviakov,S"]
[Result "0-1"]
[WhiteElo "2509"]
[BlackElo "2617"]

1.e4 c5 2.Nf3 Nc6 3.Bb5 d6 4.O-O Bd7 5.c3 Nf6 6.Re1 a6 7.Bf1 Bg4 8.d3 Nd7
9.Be3 e5 10.Nbd2 Be7 11.h3 Bh5 12.a3 O-O 13.g4 Bg6 14.Bg2 b5 15.Nf1 Nb6 16.Ng3 d5
17.exd5 Nxd5 18.Nd2 Rc8 19.Nde4 Nxe3 20.Rxe3 Qd7 21.Qf3 Nd8 22.Nf5 Ne6 23.Neg3 Bf6
24.Qb7 Qxb7 25.Bxb7 Rb8 26.Be4 Rfd8 27.h4 h6 28.b4 Rb6 29.Kh2 Rc8 30.Ne2 cxb4
31.axb4 Bxf5 32.Bxf5 Bxh4 33.Rxe5 Bf6 34.d4 Re8 35.Nf4 Nc7 36.Rxe8+ Nxe8
37.Nd3 Bh4 38.Nc5 Nc7 39.Bc8 Nd5 40.Kh3 Bg5 41.Ne4 Nc7 42.Nxg5 hxg5  0-1

[Event "Open"]
[Site "Lindsborg USA"]
[Date "2004.12.18"]
[Round "2"]
[White "Kleiman,B"]
[Black "Moiseenko,A"]
[Result "0-1"]
[WhiteElo "2316"]
[BlackElo "2653"]

1.e4 c5 2.Nf3 Nc6 3.Bb5 e6 4.Bxc6 bxc6 5.d3 Ne7 6.Qe2 Ng6 7.h4 Qc7 8.h5 Nf4
9.Bxf4 Qxf4 10.Nbd2 Be7 11.O-O-O Rb8 12.Qe3 Qxe3 13.fxe3 f6 14.c4 O-O 15.Nf1 d5
16.Ng3 f5 17.e5 f4 18.exf4 Rxf4 19.b3 Rg4 20.Rh3 Bd7 21.Nh2 Rf4 22.Nf3 Rbf8
23.Kd2 Be8 24.Ke3 Rg4 25.Kf2 Bg5 26.Ne2 g6 27.h6 d4 28.g3 Be3+ 29.Kg2 g5
30.Rhh1 Bg6 31.Rhf1 Bh5 32.Nh2 Re4 33.Rxf8+ Kxf8 34.Rf1+ Ke7 35.dxe4 Bxe2
36.Re1 d3 37.Nf1 Bd4 38.Rb1 a5 39.a3 g4 40.Nd2 Bc3 41.Nf1 d2 42.Nxd2 Bxd2
43.Rb2 Bf3+ 44.Kf2 Bc3  0-1

[Event "Master Open"]
[Site "Singapore SIN"]
[Date "2004.12.18"]
[Round "9"]
[White "Satyapragyan,S"]
[Black "Lubis,E"]
[Result "1/2-1/2"]
[WhiteElo "2370"]
[BlackElo "2249"]

1.e4 c5 2.Nf3 Nc6 3.Bb5 d6 4.O-O Bd7 5.c3 a6 6.Ba4 Nf6 7.Re1 e6 8.d4 cxd4
9.cxd4 b5 10.Bc2 Rc8 11.Nc3 Be7 12.a3 e5 13.h3 O-O 14.Bg5 h6 15.Be3 Re8 16.dxe5 Nxe5
17.Nd2  1/2-1/2

[Event "Open"]
[Site "Zadar CRO"]
[Date "2004.12.19"]
[Round "9"]
[White "Leventic,I"]
[Black "Pavasovic,D"]
[Result "0-1"]
[WhiteElo "2502"]
[BlackElo "2581"]

1.e4 c5 2.Nf3 Nc6 3.Bb5 g6 4.Bxc6 bxc6 5.O-O Bg7 6.Re1 Nh6 7.c3 O-O 8.d4 cxd4
9.cxd4 d6 10.h3 f6 11.Nc3 Nf7 12.b3 f5 13.exf5 Bxf5 14.Qe2 e5 15.dxe5 Nxe5
16.Nd4 Qh4 17.Be3 Bxh3 18.f4 Ng4 19.gxh3 Nxe3 20.Qxe3 Bxd4 21.Qxd4 Qg3+ 22.Kf1 Rxf4+
23.Qxf4 Qxf4+ 24.Kg2 Qd2+ 25.Ne2 Re8 26.Kf1 Qd3 27.Rad1 Qf3+  0-1

[Event "zt 3.1"]
[Site "Beirut LIB"]
[Date "2004.12.21"]
[Round "9"]
[White "Al Modiahki,M"]
[Black "Khairallah,F"]
[Result "1-0"]
[WhiteElo "2577"]
[BlackElo "2323"]

1.e4 c5 2.Nf3 Nc6 3.Bb5 e6 4.O-O Nge7 5.b3 f6 6.Bb2 Ng6 7.Re1 Be7 8.c3 O-O
9.d4 a6 10.Bf1 d5 11.Nbd2 Kh8 12.Rc1 cxd4 13.cxd4 Bd7 14.a3 Bd6 15.g3 Nge7
16.b4 Qe8 17.Nb3 b6 18.Bd3 Qh5 19.e5 Bc7 20.Qe2 fxe5 21.Nxe5 Qxe2 22.Bxe2 Bxe5
23.dxe5 Rfc8 24.f4 Be8 25.g4 Bg6 26.Bd4 Nxd4 27.Nxd4 Bf7 28.f5 exf5 29.gxf5 a5
30.bxa5 bxa5 31.Rxc8+ Rxc8 32.Rb1 Be8 33.Rb6 Nc6 34.Ba6 Rb8 35.Rxb8 Nxb8
36.Bb7 Nd7 37.Bc6 h5 38.Nb5 h4 39.Nd6 Nxe5 40.Bxe8 Kh7 41.h3 d4 42.Kf2 Kg8
43.Bb5 Kf8 44.Nc4 Nd3+ 45.Kf3 Ne1+ 46.Ke4 Ke7 47.Nxa5 Kf6 48.Nb3  1-0

[Event "Asian Juniors"]
[Site "Bikaner IND"]
[Date "2004.12.23"]
[Round "2"]
[White "Poobesh Anand,S"]
[Black "Hasan,Me"]
[Result "1-0"]
[WhiteElo "2367"]
[BlackElo "2251"]

1.e4 c5 2.Nf3 Nc6 3.Bb5 a6 4.Bxc6 dxc6 5.d3 Bg4 6.Nbd2 e5 7.Nc4 f6 8.Ne3 Be6
9.b3 Bd6 10.Bb2 Ne7 11.Qe2 a5 12.a4 O-O 13.h4 g6 14.g4 Nc8 15.g5 b5 16.h5 Ra7
17.hxg6 hxg6 18.Rh6 Rg7 19.O-O-O bxa4 20.Rdh1 a3 21.Bc3 c4 22.Nf5 cxb3 23.cxb3 a2
24.Nxg7 Kxg7 25.Rxg6+ Kf7 26.Rxf6+ Ke7 27.Rh7+ Rf7 28.Rfxf7+ Bxf7 29.g6 Ba3+
30.Kd1 Qd6 31.Nxe5 Qe6 32.Qxa2 Bd6 33.Rxf7+ Ke8 34.g7 Ne7 35.Rf8+  1-0

[Event "Asian Juniors"]
[Site "Bikaner IND"]
[Date "2004.12.25"]
[Round "6"]
[White "Venkatesh,M"]
[Black "Akshayraj,K"]
[Result "1/2-1/2"]
[WhiteElo "2450"]
[BlackElo "2400"]

1.e4 c5 2.Nf3 Nc6 3.Bb5 g6 4.Bxc6 bxc6 5.d4 Ba6 6.Be3 Bg7 7.b3 Nf6 8.Nbd2 Ng4
9.c4 Nxe3 10.fxe3 cxd4 11.exd4 c5 12.dxc5 Qa5 13.e5 O-O 14.Qe2 Qxc5 15.Rd1 d6
16.Ne4 Qb4+ 17.Qd2 Qxd2+ 18.Rxd2 Bb7 19.Re2 dxe5 20.Nc5 Bxf3 21.gxf3 Rfd8
22.Rd2 Bh6 23.Rd3 Rd4 24.Ke2 Rc8 25.Ne4 Rxd3 26.Kxd3 f5 27.Nf2 Rd8+ 28.Kc3 Bg7
29.Kc2 Rd4 30.c5 Kf7 31.Rd1 Ke6 32.Nd3 Kd5 33.b4 Kc6 34.a4 g5 35.b5+ Kc7
36.a5 e4 37.fxe4 fxe4 38.b6+ axb6 39.cxb6+ Kc6 40.Nf2 Ra4 41.b7 Kxb7 42.Rd7+ Kc8
43.Rxe7 Bf6 44.Re8+ Kd7 45.Kb3 Kxe8 46.Kxa4 e3 47.Nd3 e2 48.Kb3 Kd8  1/2-1/2

[Event "Czech Christmas"]
[Site "Litomysl CZE"]
[Date "2004.12.26"]
[Round "1"]
[White "Kovalev,An"]
[Black "Mejzlik,V"]
[Result "1-0"]
[WhiteElo "2575"]
[BlackElo "2111"]

1.e4 c5 2.Nf3 Nc6 3.Bb5 g6 4.O-O Bg7 5.c3 Nf6 6.Qa4 a6 7.d4 cxd4 8.cxd4 Nxe4
9.d5 Nd6 10.Bd3 Qa5 11.Qb3 Nd4 12.Nxd4 Bxd4 13.Nc3 O-O 14.Bf4 Ne8 15.Rae1 e6
16.Bg5 Bf6 17.h4 Kg7 18.Bd2 Qd8 19.h5 e5 20.d6 Nxd6 21.Nd5 Ne8 22.Qa3 a5
23.Bh6+ Kxh6 24.Qxf8+  1-0

[Event "Asian Juniors"]
[Site "Bikaner IND"]
[Date "2004.12.27"]
[Round "8"]
[White "Gopal,G"]
[Black "Poobesh Anand,S"]
[Result "1-0"]
[WhiteElo "2278"]
[BlackElo "2367"]

1.e4 c5 2.Nf3 Nc6 3.Bb5 Nf6 4.Nc3 Qc7 5.O-O Nd4 6.b4 a6 7.Bd3 Ng4 8.e5 Nxf3+
9.Qxf3 Nxe5 10.Qg3 cxb4 11.Nd5 Qd6 12.Be4 e6 13.d4 exd5 14.dxe5 Qe6 15.Bd3 b5
16.Bb2 Bb7 17.Bd4 Rc8 18.f4 Qc6 19.Kh1 Kd8 20.f5 Rc7 21.Rae1 Kc8 22.e6 dxe6
23.fxe6 f6 24.e7 Bxe7 25.Bf5+ Kd8 26.Qxg7 Re8 27.Bg4 Qc4 28.Bb6 d4 29.Bh5 Rg8
30.Qxe7+  1-0

[Event "Czech Christmas"]
[Site "Litomysl CZE"]
[Date "2004.12.27"]
[Round "3"]
[White "Velicka,P"]
[Black "Stehno,P"]
[Result "1/2-1/2"]
[WhiteElo "2427"]
[BlackElo "2326"]

1.e4 c5 2.Nf3 Nc6 3.Bb5 d6 4.Bxc6+ bxc6 5.O-O e5 6.c3 Be7 7.d4 Qc7 8.dxe5 dxe5
9.Qa4 Nf6 10.Nxe5 O-O 11.Nf3 Nd7 12.Be3 Re8 13.Nbd2 Bd6 14.Rad1 Rb8 15.Nc4 Rxe4
16.Rxd6 Qxd6 17.Nfd2 Rh4 18.Nf3 Re4 19.Nfd2 Rh4  1/2-1/2

[Event "20th Open"]
[Site "Nice FRA"]
[Date "2004.12.27"]
[Round "3"]
[White "Levitt,O"]
[Black "Libiszewski,F"]
[Result "0-1"]
[WhiteElo "1989"]
[BlackElo "2419"]

1.e4 c5 2.Nf3 Nc6 3.Bb5 d6 4.d4 cxd4 5.Qxd4 Bd7 6.Bxc6 Bxc6 7.Nc3 Nf6 8.Bg5 e6
9.Rd1 Be7 10.O-O Qa5 11.Qe3 Rc8 12.Nd4 Ng4 13.Nxc6 bxc6 14.Qg3 Qxg5 15.f4 Qc5+  0-1

[Event "34th Rilton Cup"]
[Site "Stockholm SWE"]
[Date "2004.12.27"]
[Round "1"]
[White "Ulibin,M"]
[Black "Palmblad,J"]
[Result "1-0"]
[WhiteElo "2556"]
[BlackElo "2148"]

1.e4 c5 2.Nf3 Nc6 3.Bb5 g6 4.Bxc6 dxc6 5.d3 Bg7 6.h3 b6 7.O-O Ba6 8.Nc3 Qc7
9.Be3 e6 10.e5 Ne7 11.Ne4 Bxe5 12.Nxe5 Qxe5 13.Bg5 Qc7 14.Bf6 Rg8 15.c4 O-O-O
16.Qa4 Bb7 17.Qxa7 Rxd3 18.a4 Nd5 19.a5 bxa5 20.cxd5 cxd5  1-0

[Event "Asian Juniors"]
[Site "Bikaner IND"]
[Date "2004.12.28"]
[Round "9"]
[White "Hasan,Me"]
[Black "Akshayraj,K"]
[Result "0-1"]
[WhiteElo "2251"]
[BlackElo "2400"]

1.e4 c5 2.Nf3 Nc6 3.Bb5 Na5 4.O-O a6 5.Be2 d6 6.d4 cxd4 7.Nxd4 Nf6 8.f3 e5
9.Nf5 d5 10.Bd3 Bxf5 11.exf5 e4 12.Qe1 Be7 13.fxe4 dxe4 14.Be2 Rc8 15.Nc3 O-O
16.Kh1 b5 17.Qh4 Nd5 18.Qxe4 Nxc3 19.bxc3 Bf6 20.Bd3 Re8 21.Qg4 Nc4 22.Qg3 Bxc3
23.Bg5 Bf6 24.Bxf6 Qxf6 25.Rfe1 h6 26.a4 Rxe1+ 27.Qxe1 Nb2 28.axb5 Nxd3 29.cxd3 axb5
30.g4 Qd4 31.Qd1 Rc3 32.Rb1 Rxd3 33.Qg1 Qd5+ 34.Qg2 Rd1+  0-1

[Event "21st Open"]
[Site "Boeblinger GER"]
[Date "2004.12.28"]
[Round "4"]
[White "Menacher,M"]
[Black "Jaracz,P"]
[Result "1/2-1/2"]
[WhiteElo "2341"]
[BlackElo "2531"]

1.e4 c5 2.Nf3 Nc6 3.Bb5 d6 4.O-O Bd7 5.Re1 Nf6 6.c3 a6 7.Bf1 Bg4 8.d3 e6
9.Nbd2 Bh5 10.h3 d5 11.g4 Bg6 12.Nh4 dxe4 13.Nxg6 hxg6 14.Nxe4 Qc7 15.Qf3  1/2-1/2

[Event "Open A"]
[Site "Krakow POL"]
[Date "2004.12.28"]
[Round "2"]
[White "Barglowski,F"]
[Black "Przezdziecka,M"]
[Result "1-0"]
[WhiteElo "2335"]
[BlackElo "2128"]

1.e4 c5 2.Nf3 Nc6 3.Bb5 d6 4.O-O Bd7 5.Re1 Nf6 6.h3 g6 7.c3 Bg7 8.d4 cxd4
9.cxd4 O-O 10.Nc3 a6 11.Bf1 e5 12.d5 Ne7 13.Be3 Ne8 14.Nd2 f5 15.f3 b5 16.a4 b4
17.Na2 a5 18.Nc4 Nc8 19.Nc1 fxe4 20.fxe4 Nf6 21.Qc2 Nh5 22.Nb3 Nf4 23.Kh2 g5
24.g3 Ng6 25.Be2 h6 26.Bh5 Kh7 27.Qe2 Qe8 28.Nbxa5 Bxa4 29.b3 Bb5 30.Qd2 Bxc4
31.bxc4 Rb8 32.Nc6 Rb7 33.Ra8 Qd7 34.Na5 Qa4 35.Nxb7 Qxa8 36.Qxb4 Qb8 37.Rb1 Rf6
38.Nd8 Qxb4 39.Rxb4 Nf8 40.Rb7  1-0

[Event "34th Rilton Cup"]
[Site "Stockholm SWE"]
[Date "2004.12.28"]
[Round "2"]
[White "Tocklin,T"]
[Black "Heden,G"]
[Result "1/2-1/2"]
[WhiteElo "1969"]
[BlackElo "2116"]

1.e4 c5 2.Nf3 Nc6 3.Bb5 g6 4.O-O Bg7 5.c3 Nf6 6.Re1 O-O 7.h3 a6 8.Bf1 Ne8
9.d4 cxd4 10.cxd4 d5 11.e5 Nc7 12.Nc3 f6 13.exf6 exf6 14.Bf4 Ne6 15.Bg3 f5
16.Be5 Nxe5 17.dxe5 b5 18.Qxd5 Qxd5 19.Nxd5 Bb7 20.Rad1 Rad8 21.Nc3 Bxf3
22.gxf3 Nd4 23.Bg2 b4 24.Na4 Rfe8 25.f4 Ne2+ 26.Kf1 Rxd1 27.Rxd1 Nxf4 28.Nc5 a5
29.Nd7 Rd8 30.Bd5+ Nxd5 31.Rxd5 Kf7 32.b3 Ke6 33.Rd6+ Ke7 34.Nc5 Rxd6 35.exd6+ Kxd6
36.Nb7+ Kd5 37.Nxa5 g5 38.Nc4 Ke4 39.a4 Kd3 40.a5 Bd4 41.a6 Kc3 42.Nd6 Kxb3
43.Nb5 Bb6 44.a7 Bxa7 45.Nxa7 Kc2 46.Nb5 Kd3 47.Ke1 b3 48.Kd1 b2 49.Na3 g4
50.hxg4 fxg4 51.Ke1 Ke4 52.Kf1 Kf3 53.Kg1 h5 54.Nb1 h4 55.Kf1 h3 56.Nd2+ Kf4
57.Kg1 Ke5 58.Nc4+ Kf4 59.Nxb2 g3  1/2-1/2

[Event "34th Rilton Cup"]
[Site "Stockholm SWE"]
[Date "2004.12.28"]
[Round "2"]
[White "Nyland,T"]
[Black "Elfstroem,J"]
[Result "1-0"]
[WhiteElo "2008"]
[BlackElo "2131"]

1.e4 c5 2.Nf3 Nc6 3.Bb5 g6 4.Nc3 Bg7 5.d3 Nd4 6.Bc4 d6 7.Nxd4 cxd4 8.Qf3 e6
9.Ne2 Ne7 10.O-O Nc6 11.Qg3 O-O 12.Bf4 e5 13.Bg5 Qe8 14.Qh4 Be6 15.f4 Bxc4
16.dxc4 f6 17.Bh6 Ne7 18.Bxg7 Kxg7 19.Rf3 Qc6 20.fxe5 dxe5 21.Rh3 h5 22.b3 Rh8
23.c3 g5 24.Qf2 Qxe4 25.cxd4 exd4 26.Nxd4 Rad8 27.Re3 Qxd4 28.Rxe7+ Kg6 29.Qxd4 Rxd4
30.Rxb7 Re8 31.Rxa7 Re2 32.Kh1 Rdd2 33.Rg1 g4 34.c5 h4 35.Ra4 f5 36.h3 Kg5
37.c6 Rc2 38.Rc4 Rxc4 39.bxc4 Rc2 40.Ra1 Rxc4 41.a4 Rxc6 42.a5 Ra6 43.Ra4 g3
44.Kg1 f4 45.Kf1 Kf5 46.Ra3 Ke4 47.Ke2 Ke5 48.Kf3 Kf5 49.Ra4 Kg5 50.Ra2 Kf5
51.Ra3 Kg5 52.Ra4 Rc6 53.a6 Rc3+ 54.Ke4 f3 55.a7 f2 56.a8=Q f1=Q 57.Qg8+ Kh6
58.Qe6+  1-0

[Event "31st Eastern Open"]
[Site "Washington DC USA"]
[Date "2004.12.28"]
[Round "5"]
[White "Negulescu,Ad"]
[Black "Fernandez,D"]
[Result "1/2-1/2"]
[WhiteElo "2422"]
[BlackElo "2391"]

1.e4 c5 2.Nf3 Nc6 3.Bb5 g6 4.O-O Bg7 5.Re1 Nf6 6.h3 O-O 7.Nc3 Nd4 8.Bf1 d6
9.d3 Rb8 10.Nxd4 cxd4 11.Ne2 Nd7 12.c3 dxc3 13.Nxc3 b5 14.Be3  1/2-1/2

[Event "13th Donau Open"]
[Site "Aschach AUT"]
[Date "2004.12.29"]
[Round "5"]
[White "Cifka,S"]
[Black "Serdt,S"]
[Result "1-0"]
[WhiteElo "2310"]
[BlackElo "2239"]

1.e4 c5 2.Nf3 Nc6 3.Bb5 g6 4.O-O Bg7 5.Re1 e5 6.Bxc6 bxc6 7.a3 a5 8.d3 Ne7
9.a4 O-O 10.Na3 d6 11.Nc4 f6 12.Qe2 Be6 13.b3 Qc7 14.Bb2 Nc8 15.Red1 Rd8
16.Qe1 d5 17.Ncd2 Nb6 18.Ba3 c4 19.dxc4 dxc4 20.Qe3 cxb3 21.cxb3 Qb7 22.Qc3 Bh6
23.Bc5 Bf7 24.Ne1 Nd7 25.Be7 Re8 26.Ba3 c5 27.Nc4 Red8 28.Nd6 Qxb3 29.Qg3 Qxg3
30.hxg3 Nb6 31.Nxf7 Kxf7 32.Rxd8 Rxd8  1-0

[Event "21st Open"]
[Site "Boeblinger GER"]
[Date "2004.12.29"]
[Round "6"]
[White "Meyer,R"]
[Black "Schneider,Il"]
[Result "0-1"]
[WhiteElo "2205"]
[BlackElo "2356"]

1.e4 c5 2.Nf3 Nc6 3.Bb5 e6 4.O-O Nge7 5.c3 a6 6.Ba4 b5 7.Bc2 Bb7 8.a4 Rc8
9.axb5 axb5 10.Qe2 Qb6 11.d3 d5 12.Ng5 d4 13.f4 h6 14.Nf3 g6 15.cxd4 Bg7
16.d5 exd5 17.exd5 Nb4 18.Nc3 Nxc2 19.Qxc2 O-O 20.Kh1 Nxd5 21.Qb3 Nxc3 22.bxc3 c4
23.dxc4 Rxc4 24.Rb1 Rxc3 25.Qb4 Bxf3 26.gxf3 Qc6 27.Kg2 Rc2+ 28.Kg3 Re8 29.Qxb5 Ree2
30.f5 Be5+ 31.Qxe5 Rxe5 32.Rb8+ Re8  0-1

[Event "Czech Christmas"]
[Site "Litomysl CZE"]
[Date "2004.12.29"]
[Round "5"]
[White "Laznicka,V"]
[Black "Stehno,P"]
[Result "1-0"]
[WhiteElo "2478"]
[BlackElo "2326"]

1.e4 c5 2.Nf3 Nc6 3.Bb5 d6 4.O-O Bd7 5.Re1 Nf6 6.c3 a6 7.Bf1 Bg4 8.h3 Bh5
9.d4 Bxf3 10.gxf3 cxd4 11.cxd4 g6 12.d5 Nb8 13.Qb3 b6 14.f4 Bg7 15.e5 Nh5
16.Qa4+ b5 17.Bxb5+ axb5 18.Qxa8 O-O 19.Qb7 dxe5 20.fxe5 Nd7 21.Qxb5 Nxe5
22.Kg2 e6 23.Nc3 Qa8 24.f4 Rb8 25.Qe2 Rxb2 26.Qxb2 Nd3 27.Qd2 Ndxf4+ 28.Kh2 Nxd5
29.Nxd5 Bxa1 30.Nf4 Nxf4 31.Qxf4 Qxa2+ 32.Kh1 e5 33.Qf3 Kg7 34.Bg5 Qe6 35.Rxa1 e4
36.Qc3+  1-0

[Event "Open"]
[Site "Pamplona ESP"]
[Date "2004.12.29"]
[Round "9"]
[White "Magem Badals,J"]
[Black "Llaneza Vega,M"]
[Result "1-0"]
[WhiteElo "2500"]
[BlackElo "2298"]

1.e4 c5 2.Nf3 Nc6 3.Bb5 Nf6 4.Nc3 Qc7 5.O-O Nd4 6.d3 a6 7.Bc4 b5 8.Nd5 Nxd5
9.Bxd5 Bb7 10.Nxd4 cxd4 11.Bb3 e6 12.Qh5 Qc5 13.Qh3 g6 14.Bf4 g5 15.Bd2 h5
16.c3 g4 17.Qg3 Bd6 18.cxd4 Qxd4 19.Bc3 Qxc3 20.Qxd6 Qf6 21.Rac1 Rd8 22.Rc7 Bc6
23.Bd5 Bxd5 24.exd5 h4 25.Rfc1 Rh5 26.Rc8 Rxd5 27.Qb8 Rxd3 28.Kf1 Qd4 29.Rxd8+ Ke7
30.Rxd7+ Qxd7 31.Rc7 Rd1+ 32.Ke2 Rd2+ 33.Ke3 Rd3+ 34.Kf4  1-0

[Event "Open A"]
[Site "Robecchetto ITA"]
[Date "2004.12.29"]
[Round "6"]
[White "Zacco,R"]
[Black "Volpi,D"]
[Result "1/2-1/2"]
[WhiteElo "2016"]
[BlackElo "2069"]

1.e4 c5 2.Nf3 Nc6 3.Bb5 g6 4.c3 Qb6 5.Ba4 Bg7 6.O-O Nf6 7.Re1 O-O 8.Na3 d6
9.d3 Bg4 10.h3 Bxf3 11.Qxf3 e5 12.Nc4 Qc7 13.Bg5 Ne8 14.Ne3 Ne7 15.Bb3 Kh8
16.g4 f6 17.Bh4 Bh6 18.Qg2 Bxe3 19.Rxe3 g5 20.Bg3 Ng6 21.Rd1 Ng7 22.Qh2 b5
23.Bd5 Rad8 24.h4 Qd7 25.f3 Ne6 26.Bxe6 Qxe6 27.hxg5 fxg5 28.d4 c4 29.Kg2 Qf6
30.Qg1 a5 31.a3 Rf7 32.Rd2 Rdf8 33.Qd1 h5 34.gxh5 Nf4+ 35.Bxf4 gxf4 36.Re1 Qh4
37.Rf2 Qxh5 38.Kf1 Rh7 39.Ke2 Qf7 40.Rh1 Rg8 41.Rfh2 Rg7 42.dxe5 dxe5 43.Qd8+ Qg8
44.Rxh7+ Rxh7 45.Qf6+ Qg7 46.Qd8+ Qg8 47.Qf6+ Qg7 48.Qd8+ Qg8  1/2-1/2

[Event "Open A"]
[Site "Krakow POL"]
[Date "2004.12.30"]
[Round "4"]
[White "Mola,P"]
[Black "Faibisovich,V"]
[Result "0-1"]
[WhiteElo "2294"]
[BlackElo "2432"]

1.e4 c5 2.Nf3 Nc6 3.Bb5 g6 4.Bxc6 dxc6 5.d3 Bg7 6.h3 e5 7.Be3 b6 8.Nc3 Ne7
9.Qd2 h6 10.Nh2 Be6 11.f4 exf4 12.Bxf4 g5 13.Bg3 f5 14.O-O-O Qd7 15.Nf3 f4
16.Bf2 O-O-O 17.d4 cxd4 18.Bxd4 Bxd4 19.Nxd4 c5 20.Nxe6 Qxe6 21.Qe2 Kb7 22.Rxd8 Rxd8
23.Rd1 Rd4 24.a3 Nc6 25.Nb5 Rxd1+ 26.Qxd1 a6 27.Nc3 Nd4 28.Qd3 f3 29.gxf3 Qxh3
30.Qc4 Qh1+ 31.Nd1 Qxf3 32.Qd5+ Kc7 33.Qe5+ Kd7 34.Qg7+ Ke8 35.Qg6+ Kd7 36.Qg7+ Ke6
37.Qxh6+ Qf6 38.Qh5 Qf4+ 39.Kb1 Qd2 40.Qe8+ Kf6 41.Qh8+ Kf7 42.Qh7+ Ke6 43.Qg8+ Ke5
44.Qb8+ Kxe4 45.Nc3+ Kf5 46.Qxb6 Qe1+ 47.Ka2 Qe6+ 48.Qxe6+ Nxe6 49.Nd5 g4
50.Ne3+ Kf4 51.Nxg4 Kxg4 52.Kb3 Kf4 53.Kc4 Ke5 54.b4 Kd6 55.bxc5+ Nxc5 56.Kb4 Nb7
57.Kc4 Kc6 58.Kb4 a5+ 59.Kc4 Nd6+ 60.Kb3 Kb5 61.a4+ Kc5 62.Kc3 Nc4  0-1

[Event "Czech Christmas"]
[Site "Litomysl CZE"]
[Date "2004.12.30"]
[Round "6"]
[White "Kotan,L"]
[Black "Kovalev,An"]
[Result "0-1"]
[WhiteElo "2332"]
[BlackElo "2575"]

1.e4 c5 2.Nf3 Nc6 3.Bb5 e6 4.O-O Nge7 5.c3 a6 6.Ba4 c4 7.d4 cxd3 8.Qxd3 Ng6
9.c4 Qc7 10.Bxc6 bxc6 11.Nc3 Be7 12.Bg5 f6 13.Be3 c5 14.h4 Bb7 15.Rad1 Rd8
16.h5 Nf4 17.Qd2 g5 18.hxg6 Nxg6 19.Rfe1 Rg8 20.Kf1 Kf7 21.Ke2 Nf8 22.Bf4 Qb6
23.Rh1 Rg4 24.Kf1 Qb4 25.b3 Rxf4 26.Qxf4 Qxc3 27.Ng5+ Ke8 28.Nxh7 Ng6 29.Qg4 Kf7
30.Rh5 Rg8 31.Rh3 Qe5 32.Rxd7 Nf4 33.Ng5+ fxg5 34.Rh7+ Rg7 35.Rxg7+ Qxg7
36.g3 Bc6 37.Rd1 Ng6 38.f3 Qh6 39.Rd2 Ne5  0-1